000 00647cam a2200133 4500500
005 20260111091251.0
041 _afre
042 _adc
245 0 0 _aCaltagirone C., Ripensare il mondo. Spazio-tempo, cosmovisioni, conoscenze, coll. Studi e ricerche dell’Istituto Mediterraneo per la formazione, ricerca, terapia, Caltanissetta, Sciascia, 2001, 21x14, 223 p., 14.46 €. ISBN 88-8241-086-2
260 _c2005.
500 _a48
786 0 _nNouvelle revue théologique | 127 | 4 | 2005-12-15 | p. 666k-674k | 0029-4845
856 4 1 _uhttps://shs.cairn.info/revue-nouvelle-revue-theologique-2005-4-page-666k?lang=fr&redirect-ssocas=7080
999 _c1620776
_d1620776